000 01326nam0a22003371 4500
001 v19\rc\2069743
005 20251118181637.7
035 _a(NLR Aleph) 005148080
090 _a4872276
_c4872276
100 _a20081111d1912 u y0rusy50 ca
101 0 _arus
102 _aRU
105 _ay c |||||
200 1 _aУказатель церковных древностей г. Смоленска
_eЮбилейное издание Смол. церковно-археол. ком. в память столетия Отеч. войны 1812-1912 г.
210 _aСмоленск
_cтип. П.А. Силина
_d1912
215 _a4, 148 с.
_d17
300 _aВ конце текста: с. П.Ц.; установлен по изд.: Памятная книжка Смоленской губернии на 1913 г. Смоленск, 1912
532 1 2 _aУказатель церковных древностей города Смоленска
700 1 _aЦветков
_bП.
_gПетр
790 0 _aП.Ц.
801 0 _aRU
_bNLR
_gpsbo
801 0 _aRU
_bRuMoRGB
_2psbo
801 1 _aRU
_bProSoft-M
_2rusmarc
852 _aNLR
_j43.16.9.124
899 _aRuMoRGB
_jW 188/75
899 _aRuMoRGB
_jV 218/526
899 _aRuMoRGB
_jZ 104/90
899 _aБАН
899 _aГПИБ
942 _cBOOK
980 _aNB